00737nam a22002417a 45000010005000000030006000050050017000110080041000280200017000690400029000860500009001150820008001241000018001322450047001502600049001973000050002465050008002965200067003045210030003715210020004016500038004217000036004594908FISKH20241023151726.0241023b cb ||||| |||| 00| 0 eng d a070609823904 aFISKHbengcFISKHdFISKH aC411 a910 aMcNally, Rand aGeography Encyclopedia / cby Rand McNally aChicago :bRand McNally & Company ;c1984 .  a141 pages : bcolor illustrations ;c30 cm .  aZ  aDiscusses the continents, countries, and peoples of the world.8 a900 bLexile estimate 8 aZ bRaz-Plus  aGeography and Travelvnon-fiction aClapham, Frances M. eEdiroral